[Event "Stay Safe Play From Home 164"]
[Site "T#646228Emanuel Laske"]
[Date "2020.05.21"]
[Round "4"]
[White "Haris kollari 13"]
[Black "Castlingarrocco"]
[Result "0-1"]
[WhiteElo "1696"]
[BlackElo "2017"]
[Annotator "NA"]
[PlyCount "60"]
[EventDate "2020.05.21"]
[EventType "swiss (blitz)"]

1. e4 {[%emt 0:00:01]} e6 {[%emt 0:00:01]} 2. f4 {[%emt 0:00:01]} d5 {[%emt 0:00:00]} 3. e5 {[%emt 0:00:00]} c5 {[%emt 0:00:01]} 4. c3 {[%emt 0:00:00]} Ne7 {[%emt 0:00:02]} 5. d4 {[%emt 0:00:01]} cxd4 {[%emt 0:00:01]} 6. cxd4 {[%emt 0:00:01]} Nbc6 {[%emt 0:00:00]} 7. Nf3 {[%emt 0:00:01]} Nf5 {[%emt 0:00:01]} 8. Bb5 {[%emt 0:00:03]} Bb4+ {[%emt 0:00:01]} 9. Nc3 {[%emt 0:00:01]} Qa5 {[%emt 0:00:01]} 10. Bxc6+ {[%emt 0:00:02]} bxc6 {[%emt 0:00:01]} 11. Bd2 {[%emt 0:00:01]} c5 {[%emt 0:00:01]} 12. a3 {[%emt 0:00:01]} Bxc3 {[%emt 0:00:01]} 13. bxc3 {[%emt 0:00:02]} Qc7 {[%emt 0:00:00]} 14. g4 {[%emt 0:00:02]} Ne7 {[%emt 0:00:01]} 15. O-O {[%emt 0:00:01]} Ba6 {[%emt 0:00:01]} 16. Re1 {[%emt 0:00:02]} Rc8 {[%emt 0:00:01]} 17. Be3 {[%emt 0:00:01]} c4 {[%emt 0:00:01]} 18. Rb1 {[%emt 0:00:01]} Nc6 {[%emt 0:00:01]} 19. Qa4 {[%emt 0:00:03]} Bb7 {[%emt 0:00:02]} 20. f5 {[%emt 0:00:01]} Qd7 {[%emt 0:00:01]} 21. g5 {[%emt 0:00:03]} f6 {[%emt 0:00:01]} 22. exf6 {[%emt 0:00:01]} gxf6 {[%emt 0:00:00]} 23. fxe6 {[%emt 0:00:02]} Qe7 {[%emt 0:00:02]} 24. gxf6 {[%emt 0:00:01]} Qxf6 {[%emt 0:00:02]} 25. Ne5 {[%emt 0:00:01]} Rg8+ {[%emt 0:00:05]} 26. Kh1 {[%emt 0:00:02]} Ke7 {[%emt 0:00:02]} 27. Rf1 {[%emt 0:00:05]} Qh4 {[%emt 0:00:05]} 28. Rf7+ {[%emt 0:00:02]} Ke8 {[%emt 0:00:01]} 29. Rfxb7 {[%emt 0:00:02]} Qe4+ {[%emt 0:00:01]} 30. Nf3 {[%emt 0:00:04]} Qxf3# {[%emt 0:00:02] (Lag: Av=0.38s, max=1.2s)} 0-1

[Event "Stay Safe Play From Home 164"]
[Site "T#646228Emanuel Laske"]
[Date "2020.05.21"]
[Round "5"]
[White "Mepe_Nika"]
[Black "Karthikchess"]
[Result "1-0"]
[WhiteElo "2266"]
[BlackElo "2542"]
[Annotator "TA"]
[PlyCount "121"]
[EventDate "2020.05.21"]
[EventType "swiss (blitz)"]

{[%evp 9,120,28,44,27,49,35,50,49,89,53,142,38,47,8,20,6,13,0,34,28,47,28,58,19,31,0,106,121,168,102,908,900,885,885,888,868,782,782,1127,884,862,831,910,880,1004,970,1044,985,1090,1090,1089,1043,1459,1406,1429,1257,29972,3224,29982,29975,12795,2059,29974,29974,2210,1257,29966,29967,7300,12786,29985,29986,29988,29989,29990,29991,29991,29992,29992,29993,29993,29993,29997,29995,29999,29998,29998,29992,29993,29993,29993,29994,29994,29994,29995,29994,29994,29994,29994,29994,29994,29995,29995,29995,29996,29996,29996,29997,29997,29998,29998,29999,29999]} 1. e4 g6 2. d4 Bg7 3. Nc3 d6 4. h4 h5 5. Bg5 a6 6. a4 {[#] B06: Modern Defence.} b6 $146 ({Predecessor:} 6... Nc6 7. Nge2 Nf6 8. f3 Nh7 9. Be3 O-O 10. Qd2 e5 11. d5 Ne7 12. Nc1 f5 {½-½ (61) Euler,G (2365)-Hickl,J (2565) Germany 1998}) 7. Nf3 Bb7 8. Bc4 {White is slightly better.} Nd7 9. O-O c6 ({Black should play} 9... c5 $14) 10. Bd3 (10. Re1 $16) 10... Qc7 11. Ne2 e5 12. c3 Ngf6 13. Qd2 O-O 14. Bh6 Rfe8 15. Bxg7 Kxg7 16. Ng3 c5 17. Qg5 {dxe5 is the strong threat.} cxd4 (17... Nh7 $11 {remains equal.} 18. Qd2 Nhf6) 18. cxd4 $16 exd4 {[%cal Rb7e4] [#]} 19. Nxd4 (19. Rac1 $1 $18 {[%cal Rc1c7]} Qb8 20. Nxd4) 19... Qc5 $2 {[%mdl 8192] This costs Black the game.} (19... Kh8 $16) 20. Ndf5+ Kg8 21. Qh6 {[%csl Gf5][%cal Rh6g7]} gxf5 22. Nxf5 Qxf5 23. exf5 Be4 24. Bxe4 Rxe4 25. Rfe1 Rae8 26. Kf1 Rxe1+ 27. Rxe1 Rxe1+ 28. Kxe1 b5 29. axb5 axb5 30. Qf4 d5 31. Qb4 Ne5 32. Qxb5 {Intending Qb8+ and mate.} Nc4 33. b3 (33. Qb8+ $142 Kg7 34. Qg3+ Kh7 35. Qg5 Ne8 36. f6 d4 37. Qxh5+ Kg8 38. Qg4+ Kf8 39. Qxd4) 33... Na3 34. Qb8+ Kg7 35. b4 Nc2+ 36. Kd2 Nd4 37. b5 Nb3+ 38. Kc3 Nc5 39. b6 Ncd7 40. Qc7 {White mates.} Ne4+ {[#]} 41. Kd4 $1 Nec5 {[#]} 42. Qxc5 $1 {[%mdl 64] Promotion} Nxc5 43. Kxc5 {[%mdl 4096] Endgame KP-KP} Kf6 44. b7 Kxf5 45. b8=Q Kg4 46. Kd4 Kxh4 47. Qe5 {[%csl Gf2][%cal Re5g3]} Kg4 48. Qg3+ Kf5 {[#]} 49. Qf3+ $1 Ke6 50. Qxd5+ Kf6 51. Qxh5 Kg7 52. Qf3 f6 53. g4 Kg6 54. Qf5+ Kg7 55. f4 Kf7 56. g5 Kg7 57. Qxf6+ Kg8 58. Qe7 Kh8 59. g6 {[%csl Gg6][%cal Re7h7]} Kg8 60. Qf7+ Kh8 61. Qh7# {Accuracy: White = 58%, Black = 40%.} 1-0

[Event "Stay Safe Play From Home 164"]
[Site "T#646228Emanuel Laske"]
[Date "2020.05.21"]
[Round "5"]
[White "Haxhi Baha"]
[Black "SoulofWolf"]
[Result "1-0"]
[WhiteElo "1914"]
[BlackElo "2149"]
[Annotator "TA"]
[PlyCount "81"]
[EventDate "2020.05.21"]
[EventType "swiss (blitz)"]

{[%evp 13,80,20,22,18,24,15,27,22,68,66,90,78,86,37,46,22,177,45,174,170,148,90,170,88,233,206,206,210,636,124,381,368,527,542,1118,1104,1426,1399,29986,29987,29987,29988,29998,2677,29990,2135,2083,1465,1389,1170,1412,1399,1302,988,1749,1591,29986,2036,29993,29993,29993,29994,29995,29996,29996,29978,29997,29998,29999]} 1. e4 e6 2. d4 d5 3. exd5 exd5 4. Nf3 Nf6 5. Bd3 h6 6. O-O Be7 7. h3 O-O 8. Re1 {C01: French: Exchange Variation.} Nc6 9. Bf4 Re8 10. c3 {[#] White has an edge.} Na5 $146 ({Predecessor:} 10... Bd6 11. Rxe8+ {½-½ (13) Fogarasi,T (2442)-Ilincic,Z (2502) Budapest 2005}) 11. Nbd2 a6 12. b4 Nc6 13. Qb3 Be6 14. Ne5 Rc8 $2 (14... a5 $11 {and Black is okay.}) 15. Ndf3 (15. Nxc6 $18 bxc6 16. Bxa6) 15... Ne4 (15... Nxe5 $14 16. Bxe5 (16. Nxe5 Nh5 $14) 16... Bd6) 16. Nxc6 $18 bxc6 17. Ne5 (17. Bxa6 $142 Rb8 18. Qc2) 17... c5 (17... Bd6 $16) 18. dxc5 (18. Bxa6 $18 {Hoping for Nc6.} Bh4 19. g3) 18... a5 (18... Bg5 $16 {is a better defense.} 19. Bxg5 Qxg5) 19. Nc6 Qd7 20. Nxa5 {c6 is the strong threat.} g5 $2 (20... Bf6) 21. Be3 $2 (21. c6 $18 {and the rest is easy.} Qd8 22. Nb7 gxf4 23. Nxd8 Rexd8 24. Qc2) 21... f5 $2 {[%mdl 8192]} (21... d4 $16 22. Qc2 Nxc3) 22. Bd4 Kh7 (22... g4 $142 23. hxg4 fxg4) 23. f3 Ng3 24. c6 Qd8 25. Rxe6 Nh5 26. Bxf5+ Kg8 27. Rg6+ {[%mdl 64] [#] Discovered Attack} Kf7 28. Rxh6 (28. Be6+ $142 Kxg6 29. Qc2#) 28... Nf6 29. Bxf6 (29. Qc2 $142 Rg8 30. Nb7 Kf8 31. Nxd8 Rxd8 32. Bxf6 Bxf6 33. Rxf6+ Kg7 {[#]} 34. Be6 $1 {[%mdl 512]}) 29... Bxf6 30. Bg6+ Kg7 31. Bxe8 Kxh6 32. Bd7 Ra8 33. Qxd5 Qh8 34. Re1 Bxc3 35. Re6+ Kh5 36. Qf5 {[%csl Gf3,Gh3][%cal Rf5g4] White mates.} Qd4+ 37. Kh1 {[%cal Rf5h7]} Rh8 38. Qg4+ Qxg4 39. fxg4+ Kh4 40. Kh2 {[%csl Gh2][%cal Rg2g3]} Bxb4 41. g3# {Accuracy: White = 58%, Black = 15%.} 1-0

[Event "Stay Safe Play From Home 164"]
[Site "T#646228Emanuel Laske"]
[Date "2020.05.21"]
[Round "5"]
[White "SecantFX"]
[Black "Emresenar"]
[Result "1-0"]
[WhiteElo "1899"]
[BlackElo "1732"]
[Annotator "NA"]
[PlyCount "93"]
[EventDate "2020.05.21"]
[EventType "swiss (blitz)"]

1. g3 {[%emt 0:00:02]} c6 {[%emt 0:00:02]} 2. Bg2 {[%emt 0:00:00]} g6 {[%emt 0:00:00]} 3. f4 {[%emt 0:00:00]} Bg7 {[%emt 0:00:00]} 4. Nf3 {[%emt 0:00:00]} e6 {[%emt 0:00:00]} 5. c3 {[%emt 0:00:00]} Nf6 {[%emt 0:00:00]} 6. d4 {[%emt 0:00:00]} O-O {[%emt 0:00:01]} 7. Nbd2 {[%emt 0:00:00]} d5 {[%emt 0:00:01]} 8. Ne5 {[%emt 0:00:01]} Nbd7 {[%emt 0:00:01]} 9. e4 {[%emt 0:00:01]} dxe4 {[%emt 0:00:02]} 10. Nxe4 {[%emt 0:00:01]} Nxe5 {[%emt 0:00:02]} 11. fxe5 {[%emt 0:00:01]} Nxe4 {[%emt 0:00:01]} 12. Bxe4 {[%emt 0:00:00]} f5 {[%emt 0:00:03]} 13. exf6 {[%emt 0:00:01]} Qxf6 {[%emt 0:00:01]} 14. Qe2 {[%emt 0:00:02]} Bd7 {[%emt 0:00:04]} 15. h4 {[%emt 0:00:02]} e5 {[%emt 0:00:03]} 16. Bg5 {[%emt 0:00:01]} Qe6 {[%emt 0:00:03]} 17. O-O-O {[%emt 0:00:06]} exd4 {[%emt 0:00:02]} 18. cxd4 {[%emt 0:00:00]} Rae8 {[%emt 0:00:04]} 19. Rhe1 {[%emt 0:00:02]} c5 {[%emt 0:00:03]} 20. d5 {[%emt 0:00:02]} Qe5 {[%emt 0:00:03]} 21. Bf4 {[%emt 0:00:02]} Qf6 {[%emt 0:00:03]} 22. Qc2 {[%emt 0:00:04]} Bf5 {[%emt 0:00:03]} 23. Bxf5 {[%emt 0:00:03]} gxf5 {[%emt 0:00:01]} 24. Rxe8 {[%emt 0:00:01]} Rxe8 {[%emt 0:00:01]} 25. d6 {[%emt 0:00:03]} Rd8 {[%emt 0:00:01]} 26. Qc4+ {[%emt 0:00:01]} Kh8 {[%emt 0:00:01]} 27. Rd2 {[%emt 0:00:01]} Bh6 {[%emt 0:00:05]} 28. Bxh6 {[%emt 0:00:02]} Qxh6 {[%emt 0:00:00]} 29. Qd5 {[%emt 0:00:01]} Qg7 {[%emt 0:00:02]} 30. Qxc5 {[%emt 0:00:01]} Kg8 {[%emt 0:00:01]} 31. Qc7 {[%emt 0:00:01]} Qf8 {[%emt 0:00:01]} 32. d7 {[%emt 0:00:02]} f4 {[%emt 0:00:02]} 33. Qxf4 {[%emt 0:00:02]} Qxf4 {[%emt 0:00:01]} 34. gxf4 {[%emt 0:00:00]} Kf7 {[%emt 0:00:00]} 35. Kc2 {[%emt 0:00:01]} Ke7 {[%emt 0:00:00]} 36. f5 {[%emt 0:00:00]} Rxd7 {[%emt 0:00:00]} 37. Rxd7+ {[%emt 0:00:01]} Kxd7 {[%emt 0:00:00]} 38. Kd3 {[%emt 0:00:00]} Ke7 {[%emt 0:00:00]} 39. Ke4 {[%emt 0:00:00]} Kf6 {[%emt 0:00:00]} 40. b4 {[%emt 0:00:00]} h5 {[%emt 0:00:00]} 41. a4 {[%emt 0:00:01]} b6 {[%emt 0:00:00]} 42. b5 {[%emt 0:00:00]} a6 {[%emt 0:00:00]} 43. bxa6 {[%emt 0:00:01]} b5 {[%emt 0:00:01]} 44. a7 {[%emt 0:00:00]} b4 {[%emt 0:00:00]} 45. a8=Q {[%emt 0:00:00]} b3 {[%emt 0:00:00]} 46. Qb7 {[%emt 0:00:00]} b2 {[%emt 0:00:00]} 47. Qxb2+ {[%emt 0:00:01] Zaman (Lag: Av=0.67s, max=1.1s)} 1-0

[Event "Stay Safe Play From Home 164"]
[Site "T#646228Emanuel Laske"]
[Date "2020.05.21"]
[Round "5"]
[White "Klausen"]
[Black "Lazieri3"]
[Result "0-1"]
[WhiteElo "1815"]
[BlackElo "2116"]
[Annotator "TA"]
[PlyCount "76"]
[EventDate "2020.05.21"]
[EventType "swiss (blitz)"]

{[%evp 12,76,10,8,21,20,31,18,20,27,20,18,16,21,16,15,20,16,27,22,35,22,32,13,13,2,3,0,0,0,0,0,0,0,0,0,0,0,0,0,0,0,0,0,10,0,0,-5,-5,-75,-86,-133,-5,-22,-49,-108,-107,-295,-292,-278,-268,-1259,-1229,-1153,-1358,-5397,-5389]} 1. Nf3 c6 2. d4 d5 3. e3 Nf6 4. c4 Bf5 5. Nc3 e6 6. Bd3 Bxd3 7. Qxd3 h6 {D12: Slav Defence: 3 Nf3 Nf6 4 e3 Bf5.} 8. O-O Be7 9. Rd1 O-O {The position is equal.} 10. e4 dxe4 11. Nxe4 Nxe4 12. Qxe4 {[#]} Nd7 $146 ({Predecessor:} 12... Bf6 13. Be3 Na6 14. Rab1 Nc7 15. a4 Rb8 16. b4 a6 17. h3 Qd7 18. Nh2 b5 {1-0 (31) Bitencourt,E-Warth,J Campos Novos 2011}) 13. b3 Nf6 14. Qe2 Bd6 15. Bb2 Qe7 16. Ne5 Ba3 17. Rac1 Bxb2 18. Qxb2 Nd7 19. h3 Nxe5 20. dxe5 Rfd8 21. f4 Rxd1+ 22. Rxd1 Rd8 23. Rxd8+ Qxd8 $11 {[%mdl 4096] Endgame KQ-KQ} 24. Qf2 Qd3 25. Qxa7 Qd1+ 26. Kh2 Qf1 27. Qe3 g6 28. a3 Kg7 29. b4 Qxc4 30. Qg3 (30. Kg3 $11) 30... b6 $17 {[%cal Bb7b6,Bb6c5,Bc5c4,Bc4c3][%mdl 32]} 31. Qh4 {[#]} Qd5 ({Black should try} 31... Qd4 $1 $17 32. a4 Qxb4 33. Qf6+ Kg8 34. Qd8+ Kh7) 32. Qf6+ Kg8 33. Qe7 {[#]} (33. a4 $15) 33... c5 $1 {[%cal Rc5c4] Hoping for ...c4.} 34. Qe8+ $2 {This costs White the game.} (34. a4 $17) 34... Kg7 $19 {aiming for ...c4.} 35. bxc5 bxc5 {Strongly threatening ...c4.} 36. Qe7 $2 (36. a4) 36... c4 {Black is clearly winning.} 37. Qf6+ Kg8 38. Qe7 c3 {Accuracy: White = 62%, Black = 91%.} 0-1

[Event "Stay Safe Play From Home 164"]
[Site "T#646228Emanuel Laske"]
[Date "2020.05.21"]
[Round "5"]
[White "Haris kollari 13"]
[Black "Matanant"]
[Result "0-1"]
[WhiteElo "1691"]
[BlackElo "1712"]
[Annotator "NA"]
[PlyCount "60"]
[EventDate "2020.05.21"]
[EventType "swiss (blitz)"]

1. e4 {[%emt 0:00:01]} e5 {[%emt 0:00:01]} 2. Nf3 {[%emt 0:00:01]} d5 {[%emt 0:00:01]} 3. exd5 {[%emt 0:00:01]} e4 {[%emt 0:00:01]} 4. Qe2 {[%emt 0:00:01]} Nf6 {[%emt 0:00:00]} 5. d3 {[%emt 0:00:02]} Qxd5 {[%emt 0:00:02]} 6. Nc3 {[%emt 0:00:01]} Bb4 {[%emt 0:00:01]} 7. Bd2 {[%emt 0:00:02]} Bxc3 {[%emt 0:00:01]} 8. Bxc3 {[%emt 0:00:01]} O-O {[%emt 0:00:00]} 9. Bxf6 {[%emt 0:00:03]} exf3 {[%emt 0:00:01]} 10. Qe5 {[%emt 0:00:13]} Qxe5+ {[%emt 0:00:02]} 11. Bxe5 {[%emt 0:00:02]} Re8 {[%emt 0:00:00]} 12. d4 {[%emt 0:00:02]} f6 {[%emt 0:00:01]} 13. O-O-O {[%emt 0:00:03]} fxe5 {[%emt 0:00:02]} 14. gxf3 {[%emt 0:00:01]} exd4 {[%emt 0:00:02]} 15. Rxd4 {[%emt 0:00:02]} Nc6 {[%emt 0:00:01]} 16. Rd1 {[%emt 0:00:02]} Be6 {[%emt 0:00:03]} 17. a3 {[%emt 0:00:01]} Bf7 {[%emt 0:00:02]} 18. Bb5 {[%emt 0:00:01]} Rad8 {[%emt 0:00:00]} 19. Bxc6 {[%emt 0:00:06]} bxc6 {[%emt 0:00:01]} 20. b4 {[%emt 0:00:03]} Bd5 {[%emt 0:00:01]} 21. Rhe1 {[%emt 0:00:03]} Rf8 {[%emt 0:00:01]} 22. Re3 {[%emt 0:00:01]} Rxf3 {[%emt 0:00:02]} 23. Rxf3 {[%emt 0:00:02]} a5 {[%emt 0:00:05]} 24. Rfd3 {[%emt 0:00:01]} axb4 {[%emt 0:00:02]} 25. axb4 {[%emt 0:00:01]} Rb8 {[%emt 0:00:00]} 26. c3 {[%emt 0:00:01]} g6 {[%emt 0:00:03]} 27. Kb2 {[%emt 0:00:01]} Kg7 {[%emt 0:00:01]} 28. Ka3 {[%emt 0:00:01]} Ra8+ {[%emt 0:00:01]} 29. Kb2 {[%emt 0:00:01]} Ra2+ {[%emt 0:00:01]} 30. Kb1 {[%emt 0:00:01]} Rxf2 {[%emt 0:00:00] Time (Lag: Av=0.63s, max=1.1s) .} 0-1

[Event "Stay Safe Play From Home 164"]
[Site "T#646228Emanuel Laske"]
[Date "2020.05.21"]
[Round "5"]
[White "Trotsky"]
[Black "Lamborghini"]
[Result "0-1"]
[WhiteElo "1566"]
[BlackElo "2211"]
[Annotator "TA"]
[PlyCount "52"]
[EventDate "2020.05.21"]
[EventType "swiss (blitz)"]

{[%evp 9,52,-5,17,-29,16,-25,-26,-58,-31,-48,-30,-84,-50,-125,-100,-397,-268,-258,-245,-606,-614,-1012,-1036,-1497,-792,-1745,-1742,-1728,-1726,-2095,-2113,-2509,-1752,-3687,-3265,-29993,-2370,-29994,-3391,-29994,-29991,-29992,-29993,-29993,-29994]} 1. d4 Nf6 2. e3 g6 3. c4 Bg7 4. Nc3 O-O 5. Bd3 d6 6. Qc2 {E61: King's Indian: Early deviations for White, including Smyslov System.} Nc6 {[%cal Bb8c6,Bc6b4,Bb4d3][%mdl 32]} 7. Nf3 {[#]} Nb4 $146 ({Predecessor:} 7... e5 8. dxe5 dxe5 9. O-O Nb4 10. Qb3 Nxd3 11. Rd1 e4 12. Nxe4 Nxe4 13. Rxd3 Qe7 14. Rd1 Bg4 {0-1 (33) Henao,S-Castro Osorio,L Cali 2015}) 8. Qb1 {Black has an edge.} Nxd3+ 9. Qxd3 c6 10. Ng5 (10. O-O $11) 10... d5 11. h4 (11. O-O $15) 11... h6 $36 {[%mdl 2048] Black is on the roll.} 12. c5 $2 {[%mdl 8192] [#]} (12. Nf3 $17) 12... Bf5 13. e4 dxe4 ({Inferior is} 13... hxg5 14. exf5 gxh4 15. fxg6 $16) 14. Ncxe4 $2 (14. Ngxe4 e5 15. Nxf6+ Bxf6 16. Ne4) 14... hxg5 $19 15. hxg5 Nxe4 16. g4 Qxd4 17. Qc2 Bxg4 18. Be3 Qd5 19. Rg1 Bf3 20. Rg3 Bh5 21. f3 Nxg3 22. Kf2 Nf5 (22... Qxf3+ $142 23. Kg1 Qh1+ 24. Kf2 Qh2+ 25. Ke1 Qxc2 26. Bd2 Qxc5 27. Bc1 Rfd8 28. Bf4 Qg1#) 23. Rd1 Nxe3 (23... Qxf3+ $142 24. Kg1 Nxe3 25. Qf2 Qxd1+ 26. Qe1 Qxe1+ 27. Kh2 Qf2+ {[%mdl 64] Double Attack} 28. Kh3 Bg4#) 24. Kxe3 Qxg5+ {Black mates.} 25. Ke2 Qg2+ {[%mdl 64] [#] Double Attack} 26. Ke1 Qxc2 {White got outplayed after the opening. Accuracy: White =  4%, Black = 44%.} 0-1

[Event "Stay Safe Play From Home 164"]
[Site "T#646228Emanuel Laske"]
[Date "2020.05.21"]
[Round "5"]
[White "Aleckst"]
[Black "Castlingarrocco"]
[Result "0-1"]
[WhiteElo "1380"]
[BlackElo "2021"]
[Annotator "TA"]
[PlyCount "58"]
[EventDate "2020.05.21"]
[EventType "swiss (blitz)"]

{[%evp 9,58,4,80,43,41,-44,-61,-56,-52,-81,-90,-110,-121,-119,-114,-128,-116,-135,-130,-175,-33,-51,-56,-110,-105,-184,142,-222,-211,-221,-6,-35,-21,0,-25,0,133,-41,-26,-318,-293,-296,-86,-358,-324,-345,-337,-410,-486,-1926,-268]} 1. e4 e6 2. Nf3 d5 3. exd5 exd5 4. d4 c6 5. Nc3 f5 (5... Bd6 $11) 6. Bf4 {C01: French: Exchange Variation.} Nf6 {[#]} 7. Bxb8 $146 (7. Bd3 $14) ({Predecessor:} 7. Bd3 Be7 8. Ne5 O-O 9. Ne2 Ne4 10. c3 Nd7 11. f3 Nd6 12. Qc2 Nxe5 13. Bxe5 {1-0 (28) Woeber,F (2096)-Seyffarth,R (1766) Bad Griesbach 2010}) 7... Rxb8 $15 8. Bd3 {Black is slightly better.} Bd6 9. Qd2 Ne4 10. Bxe4 fxe4 11. Ne5 Bxe5 12. dxe5 O-O 13. O-O-O Qe7 14. f4 Bf5 (14... exf3 $19 {aiming for ...Bg4.} 15. gxf3 Qxe5) 15. g3 Rbd8 16. Qe2 {[#]} ({Better is} 16. Qe3 $15) 16... Qe6 $1 $17 17. Kb1 (17. Qe3 $17) 17... d4 $2 (17... Bg4 $19 18. Qd2 Bxd1 19. Rxd1 Qg4) 18. Na4 $2 {[%mdl 8192]} (18. Nxe4 $16 {is necessary to keep the advantage.} Bg4 19. Nc5 Qxa2+ 20. Kxa2 Bxe2 21. Rd2 (21. Nxb7 Bxd1 22. Rxd1 Rd5 $15)) 18... b6 $19 19. h3 c5 $2 ({Black should try} 19... e3 $19 20. b3 Qg6) 20. g4 $11 Bg6 $1 $36 {[%mdl 2048] Black has good play.} 21. f5 Bxf5 $1 22. gxf5 Rxf5 (22... Qxe5 $11 {keeps the balance.} 23. Qa6 Qe7) 23. Rdf1 $2 {[#]} (23. Qxe4 $16 {Rhe1 is the strong threat.} Rxe5 24. Qb7) 23... Rxe5 24. Qg4 $2 {[%mdl 8192]} (24. b3 $11 {and White is okay.}) 24... Qxg4 $19 25. hxg4 e3 $2 (25... b5 $19 {has better winning chances.} 26. Nxc5 Rxc5) 26. Rf5 $2 {[%mdl 8192]} (26. b3 $17) 26... Rxf5 27. gxf5 Rf8 28. Re1 Rxf5 29. c3 (29. b3 $142 h5 30. Kc1) 29... Rd5 $2 {Accuracy: White = 23%, Black = 51%.} (29... d3 30. Kc1 d2+ {[%mdl 64] Double Attack} 31. Kd1 dxe1=Q+ 32. Kxe1 b5) 0-1

[Event "Stay Safe Play From Home 164"]
[Site "T#646228Emanuel Laske"]
[Date "2020.05.21"]
[Round "5"]
[White "Mandy"]
[Black "Sfantul321"]
[Result "0-1"]
[WhiteElo "901"]
[BlackElo "1970"]
[Annotator "NA"]
[PlyCount "44"]
[EventDate "2020.05.21"]
[EventType "swiss (blitz)"]

1. d4 {[%emt 0:00:02]} g6 {[%emt 0:00:00]} 2. Bf4 {[%emt 0:00:02]} Bg7 {[%emt 0:00:00]} 3. e3 {[%emt 0:00:01]} d6 {[%emt 0:00:01]} 4. Nf3 {[%emt 0:00:01]} Nf6 {[%emt 0:00:00]} 5. h3 {[%emt 0:00:01]} O-O {[%emt 0:00:01]} 6. Bd3 {[%emt 0:00:01]} Nc6 {[%emt 0:00:01]} 7. c3 {[%emt 0:00:01]} Re8 {[%emt 0:00:01]} 8. Nbd2 {[%emt 0:00:01]} e5 {[%emt 0:00:01]} 9. dxe5 {[%emt 0:00:06]} dxe5 {[%emt 0:00:01]} 10. Nxe5 {[%emt 0:00:03]} Nxe5 {[%emt 0:00:02]} 11. Bxe5 {[%emt 0:00:01]} Qxd3 {[%emt 0:00:01]} 12. Bxf6 {[%emt 0:00:02]} Bxf6 {[%emt 0:00:01]} 13. Nf3 {[%emt 0:00:11]} Bf5 {[%emt 0:00:02]} 14. Qe2 {[%emt 0:00:08]} Rad8 {[%emt 0:00:02]} 15. Rd1 {[%emt 0:00:05]} Qxd1+ {[%emt 0:00:05]} 16. Qxd1 {[%emt 0:00:03]} Rxd1+ {[%emt 0:00:00]} 17. Kxd1 {[%emt 0:00:02]} Rd8+ {[%emt 0:00:01]} 18. Ke2 {[%emt 0:00:01]} Bd3+ {[%emt 0:00:02]} 19. Ke1 {[%emt 0:00:02]} Bc4 {[%emt 0:00:01]} 20. Nd4 {[%emt 0:00:01]} Bxa2 {[%emt 0:00:02]} 21. Nb5 {[%emt 0:00:04]} c6 {[%emt 0:00:03]} 22. Nxa7 {[%emt 0:00:02]} Ra8 {[%emt 0:00:02] Zeit (Lag: Av=0.29s, max=0.3s)} 0-1

[Event "Stay Safe Play From Home 164"]
[Site "T#646228Emanuel Laske"]
[Date "2020.05.21"]
[Round "6"]
[White "Karthikchess"]
[Black "Haxhi Baha"]
[Result "1-0"]
[WhiteElo "2513"]
[BlackElo "1941"]
[Annotator "TA"]
[PlyCount "37"]
[EventDate "2020.05.21"]
[EventType "swiss (blitz)"]

{[%evp 12,36,13,18,43,37,95,0,11,-6,11,0,-7,-49,-43,-39,-41,-187,-191,-182,-173,-185,-141,-150,-68,-59,29999]} 1. Nf3 e6 2. g3 d5 3. Bg2 c6 4. O-O Nf6 5. d3 Be7 6. Nbd2 O-O 7. e4 dxe4 {A07: Réti Opening: New York and Capablanca Systems.} 8. dxe4 Nbd7 {[#]} ({Better is} 8... b5 $14) 9. Qe2 (9. e5 $1 $16 {[%cal Re5f6]} Nd5 10. c4) 9... e5 $11 {The position is equal.} 10. Re1 Qc7 {[#]} 11. Nc4 $146 ({Predecessor:} 11. Nf1 b6 12. Ne3 a5 13. Nf5 Bc5 14. Be3 g6 15. Nh6+ Kg7 16. Ng5 Ba6 17. Qf3 Bxe3 18. Qxe3 {1-0 (29) Olbrich,P (1795)-Schleck,V (1619) Gelsenkirchen 2019}) 11... b5 12. Ncd2 {[%cal Bc4d2,Bd2f3,Bf3g5,Bg5f7][%mdl 32]} Bb7 13. Nh4 g6 14. Nf5 (14. a3 $15) 14... gxf5 $19 15. exf5 Kh8 16. Nf3 c5 17. Bh6 {[%cal Rf3e5]} Rg8 (17... Rfe8 $17 {And now ...c4 would win.} 18. Qxb5 Rab8) 18. Ng5 $15 {[%cal Rg5f7] [#]} Bxg2 $4 {[%mdl 8192]} (18... Rxg5 $1 $15 19. Bxg5 Bxg2 20. Kxg2 c4) 19. Nxf7# {Accuracy: White = 57%, Black = 45%.} 1-0